| 000 | 01060nam a22002657i 4500 | ||
|---|---|---|---|
| 005 | 20260127080343.0 | ||
| 008 | 250906s |||||||gr|||| 00| 0 ara d | ||
| 020 | _a9789923702390 | ||
| 040 |
_aJO-AmGAM _erda |
||
| 082 | 1 | 4 |
_a618.97 _bس ي د |
| 100 | 1 |
_aسيد، وليد فاروق حسن _eمؤلف. |
|
| 245 | 1 | 0 |
_aأمراض التخاطب لدى المسنين : _bالتشخيص والعلاج / _cتأليف دكتور وليد فاروق حسن سيد. |
| 250 | _aالطبعة الاولى. | ||
| 264 | 3 | 1 |
_aعمان : _bدار شهرزاد للنشر والتوزيع، _c2021. |
| 300 | _a470 صفحة. | ||
| 336 |
_2rdacontent _aنص _btxt |
||
| 337 |
_2rdamedia _aدون وسيط عرض _bn |
||
| 338 |
_2rdacarrier _aمجلد _bnc |
||
| 490 | 1 | _aسلسلة الوليد في علوم ذوي الاحتياجات الخاصة. | |
| 650 | 1 | 7 | _aالمسنون. |
| 650 | 1 | 7 | _aالشيخوخة. |
| 830 | 0 | _aسلسلة الوليد في علوم ذوي الاحتياجات الخاصة. | |
| 942 |
_2ddc _cBK |
||
| 999 |
_c247854 _d247854 |
||